Mizoram : (Record no. 129555)

MARC details
000 -LEADER
fixed length control field 00695nam a22002297a 4500
005 - DATE AND TIME OF LATEST TRANSACTION
control field 20170124110057.0
010 ## - LIBRARY OF CONGRESS CONTROL NUMBER
LC control number A-821008
020 ## - INTERNATIONAL STANDARD BOOK NUMBER
International Standard Book Number 8173870594
Terms of availability 00
035 ## - SYSTEM CONTROL NUMBER
System control number A-821008
037 ## - SOURCE OF ACQUISITION
Source of stock number/acquisition Cen Lib/Ret
040 ## - CATALOGING SOURCE
Original cataloging agency DPL
Language of cataloging EN
082 ## - DEWEY DECIMAL CLASSIFICATION NUMBER
Classification number 954.59
Item number NUN
100 ## - MAIN ENTRY--PERSONAL NAME
Personal name Nunthra, C.
9 (RLIN) 86311
245 ## - TITLE STATEMENT
Title Mizoram :
Statement of responsibility, etc by C. Nunthara
Remainder of title society and polity /
260 ## - PUBLICATION, DISTRIBUTION, ETC. (IMPRINT)
Place of publication, distribution, etc New Delhi
Name of publisher, distributor, etc Indus Publishing Company
Date of publication, distribution, etc 1996
270 ## - ADDRESS
Address FS-5, Tagore Garden
City New Delhi
Postal code 110027
300 ## - PHYSICAL DESCRIPTION
Extent 304p.
Dimensions 21cm(Hb)
500 ## - GENERAL NOTE
General note Includes bibliographical references and index
650 ## - SUBJECT ADDED ENTRY--TOPICAL TERM
Topical term or geographic name as entry element Political science
9 (RLIN) 86312
650 ## - SUBJECT ADDED ENTRY--TOPICAL TERM
Topical term or geographic name as entry element India--Mizoram
9 (RLIN) 86313
942 ## - ADDED ENTRY ELEMENTS (KOHA)
Source of classification or shelving scheme Dewey Decimal Classification
Koha item type English Books
Classification part 954.59
Call number suffix NUN
Holdings
Withdrawn status Lost status Damaged status Not for loan Home library Current library Date acquired Source of acquisition Cost, normal purchase price Total Checkouts Full call number Barcode Date last seen Copy number Cost, replacement price Price effective from Koha item type Source of classification or shelving scheme Collection code
        Central Library Central Library 07/07/2015 Cen Lib/Ret 0.00   954.59 NUN A-821008 07/07/2015 1 0.00 07/07/2015 English Books    
        Sarojini Nagar Sarojini Nagar 05/02/2019       954.59 NUN B-821009 05/02/2019     05/02/2019 English Books Dewey Decimal Classification Non-fiction

© Delhi Public Library
Hit Counter
free hit counter